| 000 | 02264nam0a2200349 4500 | ||
|---|---|---|---|
| 001 | RU\NLR\BIBL_A\012761611 | ||
| 005 | 20220620101708.0 | ||
| 010 |
_a978-5-7883-1660-4 _9120 |
||
| 021 |
_aRU _bКН-П-21-094777 _9КН-П-21-7570 |
||
| 035 | _a(NLR Aleph) 012761611 | ||
| 035 | _a(RuMoRGB)010944208 | ||
| 090 |
_a13064349 _c13064349 |
||
| 100 | _a20220414d2021 u y0rusy50 ca | ||
| 101 | 0 | _arus | |
| 102 | _aRU | ||
| 105 | _aa j 000zy | ||
| 181 | 0 |
_ai _baxxe |
|
| 182 | 0 | _an | |
| 200 | 1 |
_aСтандартизация _eучебное пособие по направлению подготовки 27.03.02 Управление качеством и специальностям 24.05.01 Проектирование, производство и эксплуатация ракет и ракетно-космических комплексов, 24.05.07 Самолето- и вертолетостроение _fЕ. В. Еськина, Д. В. Антипов _gМинистерство науки и высшего образования Российской Федерации, Федеральное автономное государственное образовательное учреждение высшего образования "Самарский национальный исследовательский университет имени академика С. П. Королева" (Самарский университет) |
|
| 203 |
_aТекст _bвизуальный _cнепосредственный |
||
| 210 |
_aСамара _cИзд-во Самарского университета _d2021 |
||
| 215 |
_a99 с. _cил., табл. _d20 |
||
| 320 | _aБиблиогр.: с. 99 (7 назв.) | ||
| 606 | 1 |
_aСтандартизация _jУчебные издания для высших учебных заведений _yРоссийская Федерация _92100679 _3RU\NLR\AUTH\661270501 |
|
| 675 |
_a006(075.8) _v4 |
||
| 686 | 1 | _aЖ.ц(2)я73-1 | |
| 700 | 1 |
_aЕськина _bЕ. В. _gЕлена Владимировна |
|
| 701 | 1 |
_aАнтипов _bД. В. _gДмитрий Вячеславович |
|
| 942 | _cBOOK | ||
| 980 | _aNB | ||